000
00346pam a2200157a 44500
008
230515b2000 xxu||||| |||| 00| 0 eng d
020
_a
NULL
041
_a
ENGLISH
082
_a
N.D.
100
_a
Gupta R. K.
245
_a
Dictinary Of Physical Edu.
250
_a
0
260
_a
NULL
_b
Sports Pub.
_c
2000
300
_a
184
650
_a
NULL
999
_c
584948
_d
584948